000
00306nam a2200109 4500
999
_c
10064
_d
10064
008
180730b ||||| |||| 00| 0 eng d
245
_a
Who: mosquito spraying may not stop Zika.
260
_a
Philippines
_b
The Philippine Star
_c
c2016
300
_a
page A-21.
650
0
_9
29722
_a
Viruses.
942
_2
ddc
_c
PER